Länder Nordeuropas - Statistiken

Allgemein
  • Dieses Quiz wurde 39 mal gespielt
    32 seit der letzten Aktualisierung
  • Das Durchschnittsergebnis liegt bei 5 aus 5
Antwortstatistiken
Land % Korrekt
Finnland
100%
Norwegen
100%
Schweden
97%
Dänemark
91%
Island
91%
Keine übereinstimmenden Quizze gefunden
Verteilung der Resultate
Anzahl Personen mit jedem Resultat
Perzentil nach korrekt beantworteten Fragen
Ihre Resultats-Entwicklung
Sie haben dieses Quiz seit der letzten Aktualisierung nicht gespielt